Countries With the Most Yearly EVs Sold - Statistics

General Stats
  • This quiz has been taken 12 times
  • The average score is 15 of 20
Answer Stats
Estimated Electric Cars Sold (2024) Country % Correct
10,100,000 China
100%
1,690,000 United States
100%
190,000 Canada
92%
155,000 Japan
92%
177,000 Brazil
83%
475,000 France
83%
750,000 Germany
83%
148,000 Italy
83%
520,000 United Kingdom
83%
102,600 Australia
75%
99,580 India
75%
116,000 Norway
75%
147,000 South Korea
75%
134,000 Spain
75%
157,000 Sweden
75%
230,000 Netherlands
67%
81,000 Switzerland
67%
254,000 Belgium
58%
88,000 Denmark
50%
105,000 Türkiye
50%
No matching quizzes found
Score Distribution
Percent of People with Each Score
Percentile by Number Answered
Your Score History
You have not taken this quiz